9INE - Statystyki

Ogólne statystyki
  • Ten quiz został rozwiązany 39 razy
  • Średni wynik to 5 z 5
Statystyki odpowiedzi
Pozycja Odpowiedź % Poprawnych
Snajper Hades
100%
Assault KEI
97%
Prowadzący MYNIO
97%
Assault KYLAR
94%
Assault GOOFY
89%
Nie znaleziono quizów pasujących do podanych kryteriów
Rozkład punktacji
Procent ludzi z każdym wynikiem
Percentyl według liczby udzielonych odpowiedzi
Twoja historia wyników
Nie rozwiązałeś tego quizu